000 01192cam a22003014a 4500
001 14897104
003 Nust
005 20221013100912.0
008 070620s2007 mau b 001 0 eng
010 _a 2007276716
020 _a9781598692884 (pbk.)
020 _a1598692887 (pbk.)
040 _aDLC
_cDLC
_dDLC
050 0 0 _aPN1996
_b.D49 2007
082 0 0 _a808.066791
_bDIM
100 1 _aDiMaggio, Madeline.
_9100086
245 1 4 _ascreenwriting : insider tips and techniques to write for the silver screen! :
_bThe only writing series you'll ever need /
_cMadeline DiMaggio.
246 3 _aScreenwriting
260 _aAvon, Mass. :
_bAdams Media,
_cc2007.
300 _av, 217 p. ;
_c18 cm.
490 0 _aThe only writing series you'll ever need
504 _aIncludes bibliographical references (p. 203-205) and index.
650 0 _aMotion picture authorship.
_928596
856 4 1 _3Table of contents only
_uhttp://www.loc.gov/catdir/toc/fy0715/2007276716.html
906 _a7
_bcbc
_corignew
_d2
_encip
_f20
_gy-gencatlg
942 _2ddc
_cBK
999 _c4119
_d4119